000
00222nam a2200085Ia 4500
245
0
_a
The Dudgeon is coming
100
_a
DODD, Lynley London, 2009
_9
83829
942
_c
BK
008
210817s9999 xx 000 0 und d
999
_c
403477
_d
403476